00565 2200193 4500001002100000005001500021035002000036007000300056008004100059082001400100100001700114245004300131250001200174260006800186300003000254650005100284700001700335856001900352INLIS00000000000006320250710120319 a0010-0725000063ta250710 a 0 ind  a398.280 20 aBesant,Annie1 aKado Natal Tersembunyi /cAnnie Besant aPertama aJakarta timur :bBadan Pengembangan dan Pembinaan Bahasa,c2022 a20hlm. :bilus. ;c21,5cm 4acerita anak terjemahan, literasi bahasa bacaan0 aAlicia Souza aTBM AS-SYUHADA